MDQL
is popping MORE tags! Check the
thread
!
Quizzes
Events
Quiz Creation
Community
Videos
Private Events
Remove Ads
Sign In
Join for FREE
Feedback
Dark Mode
Quiz Categories
Sports
Geography
Music
Movies
Television
Just For Fun
Miscellaneous
History
Literature
Language
Science
Gaming
Entertainment
Religion
Holiday
For Kids
Quiz Lab
Recent
Popular Today
Quiz Kudos Today
Editor Picks
Curator Picks
Quizzes by...
Day
Popularity
Type
Ratings
Length
Year
Community
Subscriptions
Recent Discussions
Orange Saloon
Badges
Playlists
Quests
Create
Leaderboards
Showdown
Live 5
Trivia Bingo
Activity
Puzzle Library
Sporcle Events
Private Events
Virtual Trivia
Globe League
Become a Host
Pub Owners
SporcleCon
Opinionation
Our Games
Videos
Blog
Mobile Apps
Partnerships
Remove Ads and Go Orange
Feedback
Sports
Athletes
MLB
NBA
NHL
NFL
Soccer
Sports Teams
WWE
NCAA
Football
Premier League
Basketball
Baseball
Hockey
Golf
Tennis
Cricket
Rugby
Auto Racing
Olympics
World Cup
Sports
Athletes
MLB
NBA
NHL
NFL
Soccer
Sports Teams
WWE
NCAA
Football
Premier League
Basketball
Baseball
Hockey
Golf
Tennis
Cricket
Rugby
Auto Racing
Olympics
World Cup
Random Quiz
Search Sporcle
×
Quiz Lab
Quiz Lab
Sports
Basketball
Type in answers that appear in a list
Type in answers that appear in a list
Classic
Best Score? Go Orange.
UConn Women's Basketball Top Scorers Stats
Can you name the 1,000 point scorers in UConn Women's Basketball History?
By
izzzzzaiah
10m
46 Questions
300 Plays
300 Plays
300 Plays
Comments
Comments
Give Quiz Kudos
Give Quiz Kudos
-
- Ratings
hide this ad
Replay
Link that replays current quiz
Next Quiz
Link to next quiz in quiz playlist
You Got
0%
They Got
Avg Score
54%
Avg Friend Score
Upgrade to see
Score Distribution
Jump to the score distribution portion of the page
Score
0/46
Timer
10:00
0
Plays Today
Points
Player
% Correct
2,676
Breanna Stewart
95%
2,156
Diana Taurasi
93.7%
3,036
Maya Moore
92.7%
1,378
Sue Bird
92%
2,342
Katie Lou Samuelson
86.7%
1,582
Gabby Williams
86.3%
2,133
Rebecca Lobo
83.7%
2,346
Tina Charles
81%
2,401
Napheesa Collier
80.7%
1,402
Tamika Williams
77.3%
1,674
Kia Nurse
77.3%
1,532
Moriah Jefferson
77%
1,709
Stefanie Dolson
74.7%
1,282*
Crystal Dangerfield
73.5%
1,583
Swin Cash
72.7%
1,223
Jessica Moore
70%
2,178
Kaleena Mosqueda-Lewis
68.3%
2,141
Kara Wolters
68.3%
1,678
Shea Ralph
66.3%
1,298
Morgan Tuck
65.7%
1,994
Bria Hartley
63.7%
1,990
Renee Montgomery
63.7%
2,178
Nykesha Sales
62.7%
Points
Player
% Correct
1,540
Jennifer Rizzotti
61%
2,177
Kerry Bascom
56.7%
1,801
Tiffany Hayes
54.7%
1,865
Svetlana Abrosimova
54%
1,109
Kelly Faris
52.3%
1,502
Asijha Jones
49%
1,387
Jamelle Elliot
49%
1,699
Ann Strother
46.3%
1,444
Kalana Greene
44.3%
1,629
Barbara Turner
42%
1,054
Ashley Battle
41.7%
1,098
Mel Thomas
38.7%
1,365
Charde Houston
37.3%
1,381
Carla Berube
24%
1,552
Wendy Davis
22.3%
1,000
Amy Duran
14.7%
1,244
Kris Lamb
14%
1,106
Meghan Pattyson
13.7%
1,413
Peggy Walsh
9.3%
1,303
Laura Lishness
8%
1,388
Leigh Curl
6.7%
1,409
Chris Gedney
6%
1,534
Cathy Bochain
5.3%
Quiz Playlist
Details
Report
Send in Message
Add To Playlist
Classic:
Type in answers that appear in a list
Last Updated: Jan 25, 2020
Quiz Scoreboard
CHALLENGE
Sign Up to Join the Scoreboard
Show All
Scores
Hide
Comments
May contain spoilers
Recently Published
Image Sorting: Flags VI
by Barbecue
Geography
2m
Find the 'City' Movie
by crazypaving
Movies
60s
Colored Red Africa Blitz
by spor1
Geography
45s
More to Explore
Quiz From the Vault
Featured Blog Post
14 Easter Pick-up Lines to Find Eggs With
hide this ad
You Might Also Like...
Tags
Basketball Quiz
NCAA Women
UConn
WNBA
Women's Basketball
Today's Top Quizzes in Sports
Browse Sports
hide this ad
Today's Top Quizzes in Basketball
Browse Basketball
Top Contributed Quizzes in Sports
1
Les meilleurs buteurs des matchs entre le PSG et l’OM
2
Les entraîneurs de l'OM et du PSG au 21e siècle
3
Les joueurs passés par le PSG et l'OM
4
2022 World Cup Stars
5
Players with Multiple 50 Home Run Seasons
6
Criteria MLB: Left Handed Sluggers
7
Les joueurs passés par le LOSC et le RC Lens
8
NBA Logic Puzzle 2.0
9
MLB Players with Two .350 Batting Average Seasons
10
FIFA Club World Cup Champions
Explore More
Trending Topics
Crossword
Kpop
Marvel
Harry Potter
Disney
Anime
NBA
Pokémon
Puzzle
Country
WWE
The Office
Song
NFL
Soccer
hide this ad
More By:
izzzzzaiah
Quiz
Plays
Rating
Category
Featured
Created
UConn Women's Basketball Top Scorers
300
4.00
Sports
Apr 30, 2017
Go to Creator's Profile
Score Distribution
Quiz Creator Spotlight
izzzzzaiah
Follow
Send a Message
Quizzes Created
-
Created Quiz Play Count
-
More By This Creator
Popular Quizzes Today
1
Colored Red Africa Blitz
2
Find the US States - No Outlines Minefield
3
Find the 'City' Movie
4
5x2 Blitz: Bands
5
The Countries of the World
6
Find the US States
7
Find the Countries of Europe - No Outlines Minefield
8
US States
More Sports Quizzes
Ligue 1 Winners XIs 2021-2030
Quiz Lab
Trending Quizzes
Colored Red Europe Blitz I
Colored Red Europe Blitz II
Colored Red Africa Blitz II
Colored Red Europe Blitz III
Colored Red Africa Blitz III
Recently Updated
How Do You Spell That?
pecheneg
Godzilla Movies
pecheneg
Grab Bag: 4-10 Letters
pecheneg
2024 March Madness Bracket
pecheneg
Famous TV Couples
Peacemaker
Champions League XIs: Real Madrid
pecheneg
Largest US Cities 1790-2010
pecheneg
Rides in Walt Disney World
pecheneg
Most Oscar Losses (Acting)
pecheneg
Beyoncé Albums
pecheneg
Trending Topics
Disney
Crossword
Marvel
Harry Potter
NBA
Anime
Kpop
NFL
The Office
Country
Soccer
Song
Puzzle
Pokémon
WWE
Your Account Isn't Verified!
In order to create a playlist on Sporcle, you need to verify the email address you used during registration. Go to your
Sporcle Settings
to finish the process.
Report this User
Report this user for behavior that violates our
Community Guidelines
.
Details:
Send Report
Go to the Sporcle.com Mobile Site →
Comments